| 000 | 00698nam a2200229Ia 4500 | ||
|---|---|---|---|
| 003 | OSt | ||
| 005 | 20260109100418.0 | ||
| 008 | 210716s2007 xx 000 0 und d | ||
| 020 | _a9788126512287 | ||
| 040 | _cAIMIT LIBRARY | ||
| 041 | _aeng | ||
| 082 |
_a621.399 _bMULT |
||
| 100 |
_aMullen, Tony. _9250527 |
||
| 245 |
_aIntroducing character animation with blender / _cBy Tony Mullen. |
||
| 250 | _a1st ed. | ||
| 260 |
_aNew Delhi : _bWiley India Pvt Ltd , _c2007. |
||
| 300 |
_axviii,478 p.; _bPB _c24.5 cm. |
||
| 650 |
_aCreating a character with blender _9250528 |
||
| 650 |
_aBringing it to life _9250529 |
||
| 650 |
_aBlender in production _9250530 |
||
| 942 |
_2ddc _cBK _k621.399 MULT |
||
| 999 |
_c188341 _d188341 |
||